[Event "CHI-chT"]
[Site "Santiago de Chile"]
[Date "2019.09.05"]
[Round "1.4"]
[White "Huamanchumo Bermeo, Roberto Carlo"]
[Black "Cea Villagra, Armando"]
[Result "1-0"]
[WhiteElo "1797"]
[BlackElo "1502"]
[PlyCount "55"]
[EventDate "2019.09.05"]
[EventType "team-swiss"]
[EventRounds "9"]
[EventCountry "CHI"]
[SourceTitle "CBM 193 Extra"]
[Source "ChessBase"]
[SourceDate "2020.01.31"]
[SourceVersion "1"]
[SourceVersionDate "2020.01.31"]
[SourceQuality "1"]
[WhiteTeam "Plaza de Armas CC III"]
[BlackTeam "San Martin Juridico Epiro"]
[WhiteTeamCountry "CHI"]
[BlackTeamCountry "CHI"]

1. d4 e6 2. Bf4 Nf6 3. e3 d5 4. Nf3 Be7 5. Nbd2 Nbd7 6. Bd3 0-0 7. c3 Re8 8. 0-0 Nh5 9. Bg3 Nxg3 10. hxg3 h6 11. e4 dxe4 12. Nxe4 c5 13. Qe2 f5 14. Nxc5 Nxc5 15. dxc5 Bxc5 16. Rad1 Qc7 17. Kh1 e5 18. Bc2 e4 19. Nd4 a6 20. Qh5 Re5 21. Qh4 Qf7 22. Bb3 Be6 23. Nxe6 Rxe6 24. Rd5 Be7 25. Qf4 Qh5+ 26. Kg1 Kh8 27. Rxf5 g5 28. Bxe6 1-0